Assessment of Learning Disabilities
| Egile nagusia: | |
|---|---|
| Formatua: | Liburua |
| Hizkuntza: | ingelesa |
| Argitaratua: |
New Jersey, Estados Unidos :
ERIC,
1982
|
| Gaiak: |
MARC
| LEADER | 00000nam a2200000Ia 4500 | ||
|---|---|---|---|
| 008 | 170322b1982 us ||||| |||| 00| 0 eng d | ||
| 999 | |c 1167 |d 1167 | ||
| 090 | |a 370.15 |b S547a | ||
| 100 | 1 | 0 | |a Shepard, Lorrie A. |9 2598 |
| 245 | 1 | 0 | |a Assessment of Learning Disabilities |
| 260 | |a New Jersey, Estados Unidos : |b ERIC, |c 1982 | ||
| 300 | |a 70 páginas | ||
| 650 | 1 | 4 | |a DIFICULTAD EN EL APRENDIZAJE |9 1340 |
| 942 | |i 328095 |h 370.15 S547a |2 z |c 01 | ||
